00552 a2200157 4500010001400000020001100014035001300025037001800038082001000056245010300066250001100169260004600180270009100226300004400317490003300361 aENG-85459 c100.00 aEN-68992 bD.B.Act / Pub14a917.21 aSthapati's visit to Maayan landcby Hinduism Todayba write up on Dr. V. Ganapati Sthapati's visit a2nd ed aChennaibDakshinaa Publishing Housec2004 aNo. 46, First Avenue, VettuvankanibChennai-41k044-24491384mvastuved@md3.vsnl.net.in a29 p.c22 cm. (Pbk)bphotos (col & B&W) aA shilpi speaks-series No. 8